000 00891nam a2200253 a 4500
001 000028381
003 OSt
005 20260321073641.0
008 110408s1997 dr a r 000 | spa d
040 _aDO-SdBNP
_bspa
_cBNPHU
082 _a972.9301
_bB742i, 1997
100 1 _a Bosch, Juan,
_d1909-2001
_976555
245 1 0 _aIndios :
_bapuntes históricos y leyendas /
_cJuan Bosch ; introducción de José Juan Arrom.
250 _a4a. ed.
260 _aSanto Domingo :
_bAlfa & Omega,
_c1997.
300 _a75 p. :
_bil. ;
_c21 cm.
590 _aInventariado, 2020/MFF
650 4 _aIndígenas de las antillas
_zRepública Dominicana
_91048
650 4 _aIndígenas de las antillas
_zRepública Dominicana
_91048
650 4 _aIndígenas de las antillas
_vFolclor
_91051
700 1 _aArrom, José Juan,
_eintrod.
_938701
910 _aValidado. Control de calidad MFF
942 _2ddc
_cLBS1
999 _c27873
_d27873